000 00759nam a2200289Ia 4500
005 20260324143715.0
008 008 260324s9999 xx 000 0 eng d
020 _a9780429315527
037 _aEBOOK
040 _aCRL
040 _beng
040 _cCRL
041 _2eng
041 _aeng
084 _qCRL
100 _aMartin J Hillenbrand; Uwe Thaysen; Robert Gerald Livingston; Nelson W Polsby
_91216632
245 4 _aThe U.s. Congress And The German Bundestag
245 0 _bComparisons Of Democratic Processes
260 _bTaylor and Francis
260 _c1991
365 _a
365 _b230
856 _uhttp://www.taylorfrancis.com/books/9780429315527
942 _cEBOOK
999 _c1822345
_d1822345